000 01068nam a2200253 i 4500
001 190714
003 ES-MaACL
005 20240410103031.0
008 220520s1978 sp 000 0 spa
100 1 _aBayés, Ramón.
_926661
245 1 0 _aContribución del análisis experimental de la conducta a la investigación de drogas psicotropas /
_cpor Ramón Bayés Sopena.
260 _aBarcelona :
_bUniversidad de Barcelona, [Facultad de Filosofía y Letras],
_c1978.
300 _a31 p. ;
_c22 cm.
502 _aTesis-Univ. Barcelona (Extracto)
504 _aBibliografía: p. 25-31.
594 _aPrecede al tít.: Universidad de Barcelona. Secretariado de Publicaciones, Intercambio Científico y Extensión Universitaria
650 4 _aPsicofarmacología.
_9152834
650 4 _aPsicofármacos.
_9159712
655 _aTesis y escritos académicos
_9226867
710 2 _aUniversidad de Barcelona.
_bFacultad de Filosofía y Letras.
_97149
852 4 _aES-MaACL
_jP-1415 (128)
_9197896
_bR.68610
_cDEPO2
942 _2udc
999 _c190714
_d190714